Comprender los medios de comunicación las extensiones del ser humano

Este libro habla sobre las extensiones del hombre como la simulación tecnológica de la conciencia, por la cual los procesos creativos del conocimiento se extenderán, colectiva y corporativamente, al conjunto de la sociedad humana.

Salvato in:
Dettagli Bibliografici
Autore principale: McLuhan, Marshall
Natura: Libro
Lingua:Spanish
Pubblicazione: Barcelona: Ediciones Paidós Ibérica, 1996
Edizione:1
Serie:Paidós comunicación; No. 77
Soggetti:
Accesso online:Enlace del recurso
Tags: Aggiungi Tag
Nessun Tag, puoi essere il primo ad aggiungerne! !

MARC

LEADER 00000nam a2200000 a 4500
001 000964
008 030428s1996 sp # fr# #000|0#spa#d
020 |a 84-493-0240-4 
041 0 |a spa 
043 |a e-sp--- 
082 0 4 |a 301.361  |b M148c 
100 1 |a McLuhan, Marshall 
245 1 0 |a Comprender los medios de comunicación  |b las extensiones del ser humano   |c Marshall McLuhan 
250 |a 1 
260 |a Barcelona:  |b Ediciones Paidós Ibérica,  |c 1996 
300 |a 366 p. 
440 0 |a Paidós comunicación;  |v No. 77 
504 |a Incluye bibliografía. 
520 3 |a Este libro habla sobre las extensiones del hombre como la simulación tecnológica de la conciencia, por la cual los procesos creativos del conocimiento se extenderán, colectiva y corporativamente, al conjunto de la sociedad humana. 
534 |p Título original:  |t  Understading Media. The extensions of man 
650 1 4 |a MEDIOS DE COMUNICACIÓN DE MASAS 
650 1 4 |a COMUNICACIÓN 
900 |a 20030428 
999 |c 3116  |d 3116 
856 |u https://catalogo.idep.edu.co/cgi-bin/koha/opac-detail.pl?biblionumber=3116  |z Enlace del recurso